Marketing strategies for the new Europe

Gespeichert in:
Bibliographische Detailangaben
1. Verfasser: Ryans, John K.
Format: Buch
Sprache:Undetermined
Veröffentlicht: New York American marketing Association 1990
Tags: Tag hinzufügen
Keine Tags, Fügen Sie den ersten Tag hinzu!
Thư viện lưu trữ: Trung tâm Học liệu Trường Đại học Cần Thơ
LEADER 00489nam a2200169Ia 4500
001 CTU_68802
008 210402s9999 xx 000 0 und d
082 |a 337.142 
082 |b R988 
100 |a Ryans, John K. 
245 0 |a Marketing strategies for the new Europe 
245 0 |c John K. Ryans, Pradeep A. Rau 
260 |a New York 
260 |b American marketing Association 
260 |c 1990 
904 |i Trúc Phương 
980 |a Trung tâm Học liệu Trường Đại học Cần Thơ